000 00540nam a2200181 4500
999 _c164190
_d164190
005 20190513170003.0
010 _aENG-125161
020 _a9788175053601
_c220.00
035 _aEN-108693
037 _bDBAD/PUB
082 _a294.509
245 _aCompanions and followers of Ramakrishna
260 _aUttarakhand
_bAdvaita Ashrama
_c2011
270 _aAdvaita Ashram, Mayavati
_bChampawat
_e262524
_mmail@advaitaashrama.org
300 _a696p.
_c22cm(Hb)
500 _aIncludes index
942 _2ddc
_cEN
_h294.509
_mCOM